000 00579nam a2200217 a 4500
005 20220630135712.0
008 030827s2001 mx r 000 0 spa d
020 _a9682323401
035 _aUPN01000128232
049 _aCG
050 4 _aGB671
_bM3.2
100 1 _aMarsily, Ghislain de
245 1 3 _aEl agua /
_cGhislain de Marsily ; tr. Juan José Utrilla Trejo.
260 _aMéxico :
_bSiglo XXI,
_c2001.
300 _a114 p.
440 0 _aMosaicos
534 _pTraducción de:
_tl´eau
650 0 _aAgua
_92210
650 4 _aUTILIZACION DEL AGUA
905 _aLibro
999 _c100411
_d100411